Využitie izoxazolidín-4,5-diolov vo Wittigovej reakcii

Guardado en:
Detalles Bibliográficos
Autor principal: Otočková, Barbora (Autor)
Otros Autores: Fischer, Róbert (Orientador)
Formato: Manuscrito Libro
Lenguaje:eslovaco
Publicado: 2017
Materias:
Acceso en línea:http://is.stuba.sk/zp/portal_zp.pl?podrobnosti=118598
Etiquetas: Agregar Etiqueta
Sin Etiquetas, Sea el primero en etiquetar este registro!

MARC

LEADER 00000ntm a22000003a 4500
001 stuzp65027
003 SK-STU
005 20170715211053.2
007 ta
008 150427s2015----xo-----f-mn---000-0-slo-d
040 |a STU  |b slo 
041 0 |a slo 
100 1 |a Otočková, Barbora  |u 048140  |4 aut  |U FCHPT Ústav organickej chémie, katalýzy a petrochémie  |T FCHPT Oddelenie organickej chémie  |X 76433  |U C8140  |Y 124  |7 76433 
242 0 1 |a The use of isoxazolidine-4,5-diols in the Wittig reaction  |y eng 
245 1 0 |a Využitie izoxazolidín-4,5-diolov vo Wittigovej reakcii 
260 |c 2017 
650 4 |a 1,3-dipolárna cykloadícia  |2 slo 
650 4 |a 5-acetoxyizoxazolidíny  |2 slo 
650 4 |a 2,3-dihydroizoxazoly  |2 slo 
650 4 |a izoxazolidín-4,5-diol  |2 slo 
650 4 |a Wittigova reakcia  |2 slo 
650 4 |a 2,3-dihydroisoxazole  |2 eng 
650 4 |a isoxazolidine-4,5-diol  |2 eng 
650 4 |a 1,3-dipolar cycloaddition  |2 eng 
650 4 |a 5-acetoxyisoxazolidine  |2 eng 
650 4 |a Wittig reaction  |2 eng 
700 1 |a Fischer, Róbert  |u 048140  |k Z1  |4 ths  |U FCHPT Ústav organickej chémie, katalýzy a petrochémie  |T FCHPT Oddelenie organickej chémie  |X 68202  |U C8140  |Y 124  |7 A000068202 
856 4 |u http://is.stuba.sk/zp/portal_zp.pl?podrobnosti=118598